Shakespeare (Record no. 17754)

MARC details
000 -LEADER
campo de control de longitud fija 00763nam a2200217 i 4500
001 - NÚMERO DE CONTROL
campo de control 17754
003 - IDENTIFICADOR DE NÚMERO DE CONTROL
campo de control ES-MaACL
005 - FECHA Y HORA DE LA ÚLTIMA TRANSACCIÓN
campo de control 20240507111646.0
007 - CAMPO FIJO DE DESCRIPCIÓN FÍSICA--INFORMACIÓN GENERAL
campo de control de longitud fija t|
008 - DATOS DE LONGITUD FIJA--INFORMACIÓN GENERAL
campo de control de longitud fija 010517s1947 ag ||||1| spa d
080 ## - NÚMERO DE LA CLASIFICACIÓN DECIMAL UNIVERSAL
Número de la Clasificación Decimal Universal 821.111 Shakespeare, William 1.06
100 1# - ENTRADA PRINCIPAL--NOMBRE DE PERSONA
Nombre de persona Landauer, Gustavo.
9 (RLIN) 69934
245 10 - MENCIÓN DEL TÍTULO
Título Shakespeare
Resto del título : presentado en una serie de conferencias /
Mención de responsabilidad, etc. Gustavo Landauer ; versión castellana por Guillermo Thiele.
260 ## - PUBLICACIÓN, DISTRIBUCIÓN, ETC.
Lugar de publicación, distribución, etc. Buenos Aires :
Nombre del editor, distribuidor, etc. Editorial Americalee,
Fecha de publicación, distribución, etc. [1947]
300 ## - DESCRIPCIÓN FÍSICA
Extensión 586 p. ;
Dimensiones 24 cm.
500 ## - NOTA GENERAL
Nota general Biblioteca Juan Andrade.
600 14 - PUNTO DE ACCESO ADICIONAL DE MATERIA--NOMBRE DE PERSONA
Nombre de persona Shakespeare, William,
Fechas asociadas al nombre 1564-1616-
Subdivisión general Crítica e interpretación
9 (RLIN) 105993
700 1# - ENTRADA AGREGADA--NOMBRE PERSONAL
Nombre de persona Thiele, Guillermo.
9 (RLIN) 109940
852 ## - LOCALIZACIÓN
Ubicación ES-MaACL
Número de control de estantería AND-27
Sublocalización o colección R.109357
Holdings
Estatus retirado Estado de pérdida Estado de daño No para préstamo Biblioteca de origen Biblioteca actual Ubicación en estantería Fecha de adquisición Fuente de adquisición Total de préstamos Signatura topográfica completa Código de barras Visto por última vez Precio de reemplazo Tipo de ítem Koha
        Biblioteca del Ateneo de Madrid Biblioteca del Ateneo de Madrid Depósito 2 17/01/2008     AND-27 1018123 23/02/2023 23/02/2023 Libro impreso